[Event "SLO-chT2 East"]
[Site "Velenje"]
[Date "2005.11.23"]
[Round "8"]
[White "Kolar, Branko"]
[Black "Zajsek, Franc"]
[Result "1/2-1/2"]
[WhiteElo "1685"]
[BlackElo "1628"]
[PlyCount "39"]
[EventDate "2005.05.27"]
[EventType "team"]
[EventRounds "9"]
[EventCountry "SLO"]
[SourceTitle "EXT 2009"]
[Source "ChessBase"]
[SourceDate "2008.11.26"]
[SourceVersion "1"]
[SourceVersionDate "2008.11.26"]
[SourceQuality "1"]

1. d4 d5 2. Nf3 Nf6 3. Bg5 e6 4. e3 Nbd7 5. Bd3 Be7 6. Nbd2 0-0 7. c3 c5 8. Qc2 b6 9. e4 h6 10. Bh4 Bb7 11. exd5 Nxd5 12. Bg3 Rc8 13. a3 Bf6 14. Ne4 cxd4 15. Nxf6+ N5xf6 16. Nxd4 Bxg2 17. Rg1 Bh3 18. 0-0-0 Kh8 19. Nb5 Bg4 20. Rd2 1/2-1/2

[Event "SLO-chT2 East"]
[Site "Velenje"]
[Date "2005.10.28"]
[Round "6"]
[White "Kristan, Drago"]
[Black "Kolar, Branko"]
[Result "0-1"]
[WhiteElo "2084"]
[BlackElo "1685"]
[PlyCount "56"]
[EventDate "2005.05.27"]
[EventType "team"]
[EventRounds "9"]
[EventCountry "SLO"]
[SourceTitle "EXT 2009"]
[Source "ChessBase"]
[SourceDate "2008.11.26"]
[SourceVersion "1"]
[SourceVersionDate "2008.11.26"]
[SourceQuality "1"]

1. Nf3 Nf6 2. c4 e6 3. Nc3 b6 4. e4 Bb7 5. d3 d5 6. exd5 exd5 7. Qc2 Bd6 8. Be2 0-0 9. 0-0 Nc6 10. a3 dxc4 11. dxc4 Ne5 12. Bg5 h6 13. Bh4 Ng6 14. Bg3 Nh5 15. Rad1 Nhf4 16. Rfe1 Qf6 17. Bf1 Nxg2 18. Bxg2 Bxf3 19. Bxf3 Qxf3 20. Re3 Qh5 21. Bxd6 cxd6 22. Rxd6 Nh4 23. Rg3 Nf3+ 24. Kf1 Rae8 25. Ne4 Nxh2+ 26. Kg2 Ng4 27. Rh3 Qe5 28. Kf3 Qxe4+ 0-1

[Event "SLO-chT2 East"]
[Site "Velenje"]
[Date "2005.09.29"]
[Round "3"]
[White "Kusic, Dalibor"]
[Black "Kolar, Branko"]
[Result "0-1"]
[WhiteElo "1949"]
[BlackElo "1685"]
[PlyCount "122"]
[EventDate "2005.05.27"]
[EventType "team"]
[EventRounds "9"]
[EventCountry "SLO"]
[SourceTitle "EXT 2009"]
[Source "ChessBase"]
[SourceDate "2008.11.26"]
[SourceVersion "1"]
[SourceVersionDate "2008.11.26"]
[SourceQuality "1"]

1. d4 e6 2. c4 b6 3. Nc3 Bb7 4. Nf3 Nf6 5. Bg5 Be7 6. Qc2 d5 7. e3 Nbd7 8. Bd3 c5 9. Rd1 cxd4 10. exd4 dxc4 11. Be4 Nxe4 12. Nxe4 Bxe4 13. Qxe4 Bxg5 14. Nxg5 h6 15. Nf3 0-0 16. 0-0 Nf6 17. Qc6 Qd5 18. Qa4 b5 19. Qa6 Rfd8 20. a4 bxa4 21. Rc1 Rdb8 22. Rxc4 Rxb2 23. Ne5 Qb7 24. Qxa4 Ne4 25. Nf3 Rb8 26. Qc6 Rb1 27. Qxb7 R8xb7 28. Ra4 Rxf1+ 29. Kxf1 Nc3 30. Ra6 Rb1+ 31. Ne1 Nb5 32. Ra4 Kf8 33. f3 Ke7 34. Kf2 Rb3 35. Ra5 Kd6 36. Kg3 Kc6 37. Ra4 Kb6 38. Kf4 Nc3 39. Rc4 Nd5+ 40. Kg3 Rc3 41. Rxc3 Nxc3 42. Kf4 a5 43. Ke5 a4 44. Nc2 Nb5 45. d5 Kc5 46. dxe6 fxe6 47. Na1 Kc4 48. Kxe6 Kc3 49. Kf7 Kb2 50. Kxg7 Kxa1 51. Kxh6 Kb1 52. g4 a3 53. g5 a2 54. g6 a1Q 55. g7 Qf6+ 56. Kh7 Qf7 57. Kh8 Qh5+ 58. Kg8 Nd6 59. f4 Qxh2 60. f5 Nxf5 61. Kf8 Nxg7 0-1

[Event "SLO-chT2E"]
[Site "Velenje"]
[Date "2004.11.01"]
[Round "2"]
[White "Kolar, Branko"]
[Black "Spalir, Branko"]
[Result "0-1"]
[WhiteElo "1639"]
[BlackElo "2109"]
[PlyCount "68"]
[EventDate "2004.11.01"]
[EventType "team"]
[EventRounds "9"]
[EventCountry "SLO"]
[SourceTitle "EXT 2008"]
[Source "ChessBase"]
[SourceDate "2007.11.25"]
[SourceVersion "1"]
[SourceVersionDate "2007.11.25"]
[SourceQuality "1"]

1. Nf3 Nf6 2. d4 d5 3. Bf4 e6 4. e3 Be7 5. Bd3 0-0 6. c3 b6 7. Nbd2 Ba6 8. Bxa6 Nxa6 9. Qa4 Nb8 10. Ne5 Nh5 11. Bg3 Bd6 12. Ndf3 f6 13. Nd3 Nxg3 14. hxg3 c5 15. c4 Qe7 16. cxd5 exd5 17. Qc2 g6 18. Nf4 Bxf4 19. gxf4 c4 20. 0-0-0 Nc6 21. a3 Rac8 22. Rh6 c3 23. Qb3 cxb2+ 24. Kxb2 Na5 25. Qxd5+ Kg7 26. Rdh1 Rh8 27. Nd2 Qc7 28. Qe4 Qc3+ 29. Kb1 Rc7 30. Qxg6+ hxg6 31. Rxh8 Qd3+ 32. Ka1 Qxa3+ 33. Kb1 Qd3+ 34. Ka1 Rc1+ 0-1